| 000 | 00992nam0a22002531 4500 | ||
|---|---|---|---|
| 001 | rc\4063546 | ||
| 005 | 20260407122740.0 | ||
| 021 |
_aRU _b[52-180] |
||
| 035 | _a(NLR Aleph) 008114576 | ||
| 090 |
_a9325673 _c9325673 |
||
| 100 | _a20130415d1951 |||y0rusy50 ca | ||
| 101 | 0 | _arus | |
| 102 | _aRU | ||
| 105 | _ay c ||||| | ||
| 200 | 1 |
_aМетодические указания к изучению в 6-х классах первой темы по зоологии "Введение" _fОмский обл. ин-т усовершенствования учителей |
|
| 210 |
_a[Омск] _cБ. и. _d1951 |
||
| 215 |
_a12 с. _d20 |
||
| 606 |
_aЗоология _jМетодические пособия _2psbo |
||
| 712 | 0 | 2 |
_aОмский областной институт усовершенствования учителей _3RU\NLR\AUTH\889959603 _9415393 |
| 801 | 0 |
_aRU _bNLR _gpsbo |
|
| 801 | 1 |
_aRU _bELAR _2rusmarc |
|
| 852 |
_aNLR _jПр20 Г-4/2157 |
||
| 942 | _cBOOK | ||
| 980 | _aNB | ||